书目信息 |
| 题名: |
斯大林哲学思想概论
|
|
| 作者: | 张念丰 编著 | |
| 分册: | ||
| 出版信息: | 武汉 湖北人民出版社 1988.2 |
|
| 页数: | 500页 | |
| 开本: | 20cm | |
| 丛书名: | ||
| 单 册: | ||
| 中图分类: | A83 | |
| 科图分类: | ||
| 主题词: | 斯大林著作--学习 , 斯大林著作研究 | |
| 电子资源: | ||
| ISBN: | 7-216-00172-9 | |
| 000 | 00650nam0 2200229 45 | |
| 001 | 0188019999 | |
| 005 | 20051228085708.17 | |
| 010 | @a7-216-00172-9@dCNY3.35 | |
| 020 | @aCN@b88019999 | |
| 100 | @a19910417d1988 m y0chiy0120 ea | |
| 101 | 0 | @achi |
| 102 | @aCN@b420000 | |
| 105 | @ay z 000yy | |
| 200 | 10 | @a斯大林哲学思想概论@Asi da lin zhe xue si xiang gai lun@f张念丰等编著@Fzhang nian feng deng bian zhu |
| 210 | @a武汉@c湖北人民出版社@d1988.2 | |
| 215 | @a500页@d20cm | |
| 606 | 0 | @a斯大林著作@x学习 |
| 606 | 0 | @a斯大林著作研究 |
| 690 | @aA83@v3 | |
| 701 | 0 | @a张念丰@4编著 |
| 801 | 0 | @aCN@bNLC@c20051228 |
| 905 | @f1@b212635@dA83@e4 | |
| 斯大林哲学思想概论/张念丰等编著.-武汉:湖北人民出版社,1988.2 |
| 500页;20cm |
| ISBN 7-216-00172-9:CNY3.35 |
| ● |
| 相关链接 |
|
|
|
|
正题名:斯大林哲学思想概论
索取号:A83/4
 
预约/预借
| 序号 | 登录号 | 条形码 | 馆藏地/架位号 | 状态 | 备注 |
| 1 | 0212634 | 202182574 | 密集书库/ [索取号:A83/4] | 在馆 | |
| 2 | 0212635 | 001388876 | 第一样本阅览室/ [索取号:A83/4] | 在馆 |